| 000 | 00663nam a22002177a 4500 | ||
|---|---|---|---|
| 999 |
_c14858 _d14858 |
||
| 003 | AR-CdUCM | ||
| 008 | 190424b ||||| |||| 00| 0 spa d | ||
| 020 | _a978-612-4026-82-9 | ||
| 040 |
_aMUNICIPALIDAD PROVINCIAL DEL CUSCO _cBIBLIOTECA MUNICIPAL DEL CUSCO |
||
| 082 |
_aPI / 808.06 / _bV23 |
||
| 100 |
_aArgote Saavedra, Eliana _932909 |
||
| 245 | _aManchado el perro moche / | ||
| 260 |
_aLima : _bDialéctica, _c2012. |
||
| 300 |
_c17 cm. _bIlustración, |
||
| 500 | _aIncluye un personaje para armar kirigami. | ||
| 650 |
_aHistoria _9136 |
||
| 650 |
_aKirigami _928480 |
||
| 650 |
_aInfancia _95236 |
||
| 942 |
_2ddc _cLIBROS |
||
| 945 |
_arah _d24/04/2019 |
||